000 00313 a2200145 4500
020 _a2-04-011064-x
040 _aISPLB
082 _a72
_b72
100 _91190
_aMOORE,CH
245 _aL architecture sensible
260 _aParis ,
_bBordas
_c1981.
300 _a187p
650 _aArquitectura
942 _cLivros
999 _c2363
_d2363